Catálogo público

Metodologías y aplicaciones para la producción ganadera del trópico seco en el sur del estado de México / (Record no. 106738)

MARC details
000 -CABECERA
campo de control de longitud fija 01134nam a2200325 a 4500
001 - NÚMERO DE CONTROL
campo de control 000110276
003 - IDENTIFICADOR DEL NÚMERO DE CONTROL
campo de control CHAP
005 - FECHA Y HORA DE LA ÚLTIMA TRANSACCIÓN
campo de control 20220329144125.0
008 - DATOS DE LONGITUD FIJA--INFORMACIÓN GENERAL
campo de control de longitud fija 140808s2014 mx a |r| |||0|||spa d
010 ## - NÚMERO DE CONTROL DE LA BIBLIOTECA DEL CONGRESO
Número de control de LC 106738
011 ## - ENLACE DEL NUMERO DE CONTROL DE LA BIBLIOTECA DEL CONGRESO [OBSOLETO]
Número de control de LC 107710
020 ## - NÚMERO INTERNACIONAL ESTÁNDAR DEL LIBRO
Número Internacional Estándar del Libro 9786079083564
040 ## - FUENTE DE LA CATALOGACIÓN
Centro/agencia transcriptor CHAP
082 04 - NÚMERO DE LA CLASIFICACIÓN DECIMAL DEWEY
Número de clasificación 636.208097252
Número de documento/Ítem H55
100 00 - ENTRADA PRINCIPAL--NOMBRE DE PERSONA
Nombre de persona Hernández Martínez, Juvencio.
9 (RLIN) 54301
245 10 - MENCIÓN DE TÍTULO
Título Metodologías y aplicaciones para la producción ganadera del trópico seco en el sur del estado de México /
Mención de responsabilidad, etc. por Juvencio Hernández Martínez, Francisca Avilés Nova y Rolando Rojo Rubio.
260 ## - PUBLICACIÓN, DISTRIBUCIÓN, ETC.
Lugar de publicación, distribución, etc. México,D.F. :
Nombre del editor, distribuidor, etc. Gernika,
Fecha de publicación, distribución, etc. 2014.
300 ## - DESCRIPCIÓN FÍSICA
Extensión 303 p. :
Otras características físicas il.
590 ## - NOTA LOCAL (RLIN)
Nota local E5652GLJ
Procedencia (VM) [OBSOLETO] 05
Condición del los carretes individuales (VM) [OBSOLETO] 20140808
-- UCH01
-- 1303
590 ## - NOTA LOCAL (RLIN)
Nota local E5652GLJ
Procedencia (VM) [OBSOLETO] 05
Condición del los carretes individuales (VM) [OBSOLETO] 20140808
-- UCH01
-- 1351
650 14 - PUNTO DE ACCESO ADICIONAL DE MATERIA--TÉRMINO DE MATERIA
Término de materia o nombre geográfico como elemento de entrada Ganadería
Subdivisión general Aspectos económicos
-- México (Edo.)
9 (RLIN) 44638
650 14 - PUNTO DE ACCESO ADICIONAL DE MATERIA--TÉRMINO DE MATERIA
Término de materia o nombre geográfico como elemento de entrada Ganadería
Subdivisión general Producción.
9 (RLIN) 127742
650 14 - PUNTO DE ACCESO ADICIONAL DE MATERIA--TÉRMINO DE MATERIA
Término de materia o nombre geográfico como elemento de entrada Ganado lanar
Subdivisión general Mercadeo.
9 (RLIN) 45195
650 14 - PUNTO DE ACCESO ADICIONAL DE MATERIA--TÉRMINO DE MATERIA
Término de materia o nombre geográfico como elemento de entrada Ganado vacuno
Subdivisión general Costos de producción.
9 (RLIN) 45449
700 0# - PUNTO DE ACCESO ADICIONAL--NOMBRE DE PERSONA
Nombre de persona Rojo Rubio, Rolando.
9 (RLIN) 99405
700 1# - PUNTO DE ACCESO ADICIONAL--NOMBRE DE PERSONA
Nombre de persona Avilés Nova, Francisca
9 (RLIN) 127739
901 ## - ELEMENTOS DE DATOS A LOCAL LDA (RLIN)
a BK
942 ## - ELEMENTOS DE PUNTO DE ACCESO ADICIONAL (KOHA)
Tipo de ítem Koha Libro
942 ## - ELEMENTOS DE PUNTO DE ACCESO ADICIONAL (KOHA)
Suprimir en OPAC 0
Holdings
Estado de retiro Estado de pérdida Fuente del sistema de clasificación o colocación Estado dañado Restricciones de uso No para préstamo Código de colección Localización permanente Ubicación/localización actual Ubicación en estantería Fecha de adquisición Información codificada de la localización en otra ubicación Total de préstamos Signatura topográfica completa Código de barras Fecha visto por última vez Precio válido a partir de Tipo de ítem Koha Fecha del último préstamo Número de copia
    Dewey Decimal Classification   Préstamo 15 días   General Biblioteca Central Biblioteca Central Planta principal - Colección General 08/08/2014 LIBRO   636.208097252 H55 33724002416330 31/12/2019 31/12/2019 Libro    
    Dewey Decimal Classification   Préstamo 15 días   General Biblioteca Central Biblioteca Central Planta principal - Colección General 08/08/2014 LIBRO 1 636.208097252 H55 33724002416371 14/06/2024 31/12/2019 Libro 05/06/2024 c.3
    Dewey Decimal Classification   Préstamo 15 días   General Biblioteca Central Biblioteca Central Planta principal - Colección General 08/08/2014 LIBRO   636.208097252 H55 33724002416413 31/12/2019 31/12/2019 Libro   c.2
    Dewey Decimal Classification       General Zootecnia Zootecnia   07/10/2014       z_6364 18/01/2022 18/01/2022 Libro   1
    Dewey Decimal Classification       General Zootecnia Zootecnia   07/10/2014       z_6365 18/01/2022 18/01/2022 Libro   2